The essential milton (Record no. 17806)

MARC details
000 -LEADER
fixed length control field 00591nam a2200169Ia 4500
008 - FIXED-LENGTH DATA ELEMENTS--GENERAL INFORMATION
fixed length control field 210324s9999||||xx |||||||||||||| ||und||
020 ## - INTERNATIONAL STANDARD BOOK NUMBER
International Standard Book Number 7011 1472 X
040 ## - CATALOGING SOURCE
Transcribing agency STCPL
082 ## - DEWEY DECIMAL CLASSIFICATION NUMBER
Classification number 821.09 B
Item number BUS-T
100 ## - MAIN ENTRY--PERSONAL NAME
Personal name Bush Douglas
245 #4 - TITLE STATEMENT
Title The essential milton
260 ## - PUBLICATION, DISTRIBUTION, ETC.
Place of publication, distribution, etc. New Delhi
Name of publisher, distributor, etc. Chatto & Windus
Date of publication, distribution, etc. 1949
300 ## - PHYSICAL DESCRIPTION
Extent P - 692 18. 5 CM
650 ## - SUBJECT ADDED ENTRY--TOPICAL TERM
Topical term or geographic name entry element GeneralCOLUMN PERFORMANCE, SEPERATEONS AND SELECTIVE SOLUBILITY, VARIATIONS ON THE CHROMATOGRAPHIC PROCESS, GAS-SOLID CHROMATOGRAPHY, GAS ANALYSIS, QUALITATIVE ANALYSIS, QUANTITATIVE ANALYSIS
942 ## - ADDED ENTRY ELEMENTS (KOHA)
Koha item type Books
041 ## - LANGUAGE CODE
Language code of original English
Holdings
Withdrawn status Lost status Damaged status Not for loan Home library Current library Shelving location Date acquired Cost, normal purchase price Total Checkouts Full call number Barcode Date last seen Price effective from Koha item type
        ST. THOMAS COLLEGE LIBRARY, PALAI ST. THOMAS COLLEGE LIBRARY, PALAI   2021-07-10 21.00   821.09 B BUS-T 27010 2021-07-10 2021-07-10 Books
Rights reserved ©2021 ST. THOMAS COLLEGE LIBRARY
A joint venture of - St. Thomas College Library and
Department of Computer Science, St. Thomas Collge Palai